书目信息 |
| 题名: |
中国农村地产市场研究
|
|
| 作者: | 王克强 , 刘红梅 著 | |
| 分册: | ||
| 出版信息: | 上海 上海财经大学出版社 2003.09 |
|
| 页数: | 274页 | |
| 开本: | 21cm | |
| 丛书名: | ||
| 单 册: | ||
| 中图分类: | F321.1 , F301.3 | |
| 科图分类: | ||
| 主题词: | 农业经济--地产--市场--研究--中国 , 农村--地产经营--市场--研究--中国 | |
| 电子资源: | ||
| ISBN: | 7-81049-995-5 | |
| 000 | 00985nam0 2200265 450 | |
| 001 | 0112631411 | |
| 005 | 20051114161900.12 | |
| 010 | @a7-81049-995-5@dCNY23.00 | |
| 100 | @a20031223d2003 km y0chiy0120 ea | |
| 101 | 0 | @achi |
| 102 | @aCN@b310000 | |
| 105 | @aa a 000yy | |
| 200 | 1 | @a中国农村地产市场研究@AZhong Guo Nong Cun Di Chan Shi Chang Yan Jiu@f王克强, 刘红梅著@Fwang ke qiang,liu hong mei zhu |
| 210 | @a上海@c上海财经大学出版社@d2003.09 | |
| 215 | @a274页@c图@d21cm | |
| 320 | @a有书目 (第262-272页)。 | |
| 330 | @a本书是关于农村房地产的研究专著,主要论述了我国农村房地产的基本理论、内容、系统、供求机制、竞争机制、价格机制、投机机制、宏观调控机制及我国农村房地产市场的建设等。 | |
| 606 | 0 | @a农业经济@x地产@x市场@x研究@y中国 |
| 606 | 0 | @a农村@x地产经营@x市场@x研究@y中国 |
| 690 | @aF321.1@v4 | |
| 690 | @aF301.3@v4 | |
| 701 | 0 | @a王克强@Awang ke qiang@4著 |
| 701 | 0 | @a刘红梅@Aliu hong mei@4著 |
| 801 | 0 | @aCN@bQSSK@c20051114 |
| 905 | @a10447@dF321.1@eW245 | |
| 中国农村地产市场研究/王克强, 刘红梅著.-上海:上海财经大学出版社,2003.09 |
| 274页:图;21cm |
| ISBN 7-81049-995-5:CNY23.00 |
| 本书是关于农村房地产的研究专著,主要论述了我国农村房地产的基本理论、内容、系统、供求机制、竞争机制、价格机制、投机机制、宏观调控机制及我国农村房地产市场的建设等。 |
| ● |
| 相关链接 |
|
|
|
正题名:中国农村地产市场研究
索取号:F321.1/W245
 
预约/预借
| 序号 | 登录号 | 条形码 | 馆藏地/架位号 | 状态 | 备注 |
| 1 | 575446 | 205754469 | 社科库409/422社科库 37排4列3层/ [索取号:F321.1/W245] | 在馆 | |
| 2 | 575447 | 205754478 | 社科库409/409社科库 33排2列3层/ [索取号:F321.1/W245] | 在馆 | |
| 3 | 575448 | 205754487 | 社科库409/409社科库 33排2列3层/ [索取号:F321.1/W245] | 在馆 |